LEADER 01420nas 2200457-a 450 001 9910136484903321 005 20260218113038.0 035 $a(CKB)110978984251510 035 $a(CONSER)sn-92022845- 035 $a(DE-599)ZDB2424440-5 035 $a(DE-599)2424440-5 035 $a(EXLCZ)99110978984251510 100 $a19920526a19919999 --- a 101 0 $aeng 135 $aurun||||||||| 181 $ctxt$2rdacontent 182 $cc$2rdamedia 183 $acr$2rdacarrier 200 00$aEsperantic studies 210 $aWashington, DC $cThe Foundation$d[1991- 215 $a1 online resource 300 $aTitle from caption. 311 08$aPrint version: Esperantic studies. 1084-9831 (DLC)sn 92022845 (OCoLC)25880199 517 1 $aNewsletter of the Esperantic Studies Foundation, Inc. 531 0 $aEsperantic stud. 606 $aEsperanto$vPeriodicals 606 $aLanguage and languages$vPeriodicals 606 $aEsperanto$2fast$3(OCoLC)fst00915363 606 $aLanguage and languages$2fast$3(OCoLC)fst00992154 608 $aPeriodicals.$2fast 615 0$aEsperanto 615 0$aLanguage and languages 615 7$aEsperanto. 615 7$aLanguage and languages. 676 $a499 712 02$aEsperantic Studies Foundation. 906 $aJOURNAL 912 $a9910136484903321 920 $aexl_impl conversion 996 $aEsperantic studies$92148046 997 $aUNINA LEADER 01085nam0 22002771i 450 001 UON00073786 005 20231205102401.65 100 $a20020107d1965 |0itac50 ba 101 $afre 102 $aCH 105 $a|||| ||||| 200 1 $aTunisie$fJean Duvignaud 210 $aLausanne$cEditions Rencontre$d1965 215 $a192 p.$cill.$d26 cm 410 1$1001UON00066605$12001 $aˆL'‰atlas des voyages$fCollection dirigée par Charles-Henri Favrod 606 $aTunisia$xDescrizioni e viaggi$3UONC018769$2FI 620 $aCH$dLausanne$3UONL003281 676 $a916.1104$cDESCRIZIONI E VIAGGI DELLA TUNISIA$v21 700 1$aDUVIGNAUD$bJean$3UONV032444$036457 712 $aRencontre$3UONV257838$4650 801 $aIT$bSOL$c20260410$gRICA 899 $aSIBA - SISTEMA BIBLIOTECARIO DI ATENEO E ARCHIVIO STORICO$2UONSI 912 $aUON00073786 950 $aSIBA - SISTEMA BIBLIOTECARIO DI ATENEO E ARCHIVIO STORICO$dSI 4 0312 $eSI AA 4007 5 0312 996 $aTunisie$91165477 997 $aUNIOR